Neurociencia en la escuela: HERVAT. Investigación neuroeducativa para la mejora del aprendizaje

Salvato in:
Dettagli Bibliografici
Autore principale: Ortiz Alonso, Tomás (autor)
Altri autori: Marina, José Antonio (prólogo)
Natura: Libro
Lingua:spagnolo
Pubblicazione: Madrid, España. SM, 2018
Edizione:1a. ed
Serie:Biblioteca Innovación Educativa
Soggetti:
Tags: Aggiungi Tag
Nessun Tag, puoi essere il primo ad aggiungerne!!

MARC

LEADER 00000cam a2200000 a 4500
001 UCC7509
003 CL-VaPUC
005 20231116132446.0
008 190409e20180000sp |||||||||||||||||spa|d
999 |c 374131  |d 374129 
020 |a 9788467593600 
040 |c Pontificia Universidad Católica de Valparaíso 
082 0 4 |a 370.151 ORT 2018  |2 21 
100 |a Ortiz Alonso, Tomás  |e autor  |9 459469 
245 1 0 |a Neurociencia en la escuela: HERVAT. Investigación neuroeducativa para la mejora del aprendizaje 
250 |a 1a. ed 
260 |a Madrid, España.  |b SM,  |c 2018 
300 |a 149 páginas 
490 0 |a Biblioteca Innovación Educativa 
583 |a last modification  |c 20190409 14:28:00  |k Rodrigo Vera 
650 0 |a Neurociencias  |9 424346 
650 0 |a Psicología educacional   |9 307830 
650 0 |a Psicología del desarrollo  |9 307541 
700 |a Marina, José Antonio  |e prólogo  |9 878757 
942 |c BK  |2 ddc 
945 |d 20190409 14:28:00  |a dcastane 
952 |0 0  |1 0  |3 erb  |4 0  |6 370_151000000000000_ORT_2018  |7 0  |8 A  |9 492552  |a BIBHIS  |b BIBHIS  |d 2019-10-15  |e 78  |g 16000.00  |i 5541549  |o 370.151 ORT 2018  |p 5541549  |r 2025-01-20  |w 2019-11-24  |y BK  |z Catalogado en:20190409  |k HIS 
952 |0 0  |1 0  |2 ddc  |3 erb  |4 0  |6 370_151000000000000_ORT_2018  |7 0  |8 A  |9 492553  |a BIBHIS  |b BIBHIS  |d 2019-10-15  |e 78  |g 16000.00  |i 5564204  |o 370.151 ORT 2018  |p 5564204  |r 2025-01-20  |t 1  |w 2019-11-24  |y BK  |z Catalogado en:20191018  |k HIS